Algoritmos de las operaciones con números enteros
Saved in:
| Institution som forfatter: | |
|---|---|
| Format: | Bog |
| Sprog: | spansk |
| Udgivet: |
Ciudad de México
Trillas
1968
|
| Serier: | Temas de Matemáticas, 4
|
| Fag: | |
| Tags: |
Tilføj Tag
Ingen Tags, Vær først til at tagge denne postø!
|
MARC
| LEADER | 00000nam a2200000 a 4500 | ||
|---|---|---|---|
| 001 | UCQ8247 | ||
| 003 | CL-VaPUC | ||
| 008 | 981209e19680000MX |||||||||||||||||spa|d | ||
| 082 | 0 | 4 | |a 513.2 |b NAT |2 21 |
| 110 | 2 | |a National Council of Teachers of Mathematics, U.S.A |e author |9 422078 | |
| 245 | 1 | 0 | |a Algoritmos de las operaciones con números enteros |
| 300 | |a 45 p | ||
| 942 | |c BK | ||
| 945 | |d 19981209 00:00:00 |a crobeson | ||
| 260 | |a Ciudad de México |b Trillas |c 1968 | ||
| 650 | 7 | |a OPERACIONES ARITMETICAS |2 CL-VaPUC |9 422079 | |
| 650 | 0 | |a Aritmética |9 270049 | |
| 650 | 0 | |a Algoritmos |9 260639 | |
| 650 | 0 | |a Números enteros |9 357374 | |
| 650 | 0 | |a Matemática |9 260235 | |
| 583 | |a last modification |c 20120903 11:52:11 |k Rodrigo Vera | ||
| 490 | 0 | |a Temas de Matemáticas, 4 | |
| 999 | |c 277532 |d 277530 | ||
| 952 | |0 0 |1 0 |4 0 |6 513_200000000000000_NAT_1968 |7 0 |8 A |9 315523 |a BIBMAT |b BIBMAT |c E_DIDACT |d 2019-11-20 |i 1300091 |l 1 |o 513.2 NAT 1968 |p 1300091 |r 2025-01-07 |s 2020-04-02 |w 2019-11-20 |y BK |k MAT | ||